Normal view
MARC view
Entry Personal Name
001 - CONTROL NUMBER
- control field: 120694
003 - CONTROL NUMBER IDENTIFIER
- control field: OSt
005 - DATE AND TIME OF LATEST TRANSACTION
- control field: 20230606213022.0
008 - FIXED-LENGTH DATA ELEMENTS
- fixed length control field: 230606|| aca||aabn | a|a d
040 ## - CATALOGING SOURCE
- Original cataloging agency: OSt
- Transcribing agency: OSt
100 ## - HEADING--PERSONAL NAME
- Personal name: MARKANDEY (K)
670 ## - SOURCE DATA FOUND
- Source citation: Work cat.: (OSt)175988: MARKANDEY (K), Urban growth theories and setllement system of India, 2011